Estadísticas para Provincias de España por población

Haz click aquí para intentar la prueba.

Estadísticas generales

  • Esta prueba ha sido intentada 415 veces
  • La puntuación promedio es 33 de 50

Estadísticas de respuestas

PoblaciónInicialProvincia% Correcto
5.542.680 BBarcelona
100%
6.466.996 MMadrid
100%
2.544.264 VValencia
100%
1.939.775 SSevilla
98%
1.629.298 MMálaga
93%
1.836.459 AAlicante
91%
1.464.847 MMurcia
90%
950.507 ZZaragoza
85%
1.147.576 VVizcaya
77%
792.299 TTarragona
74%
1.239.889 CCádiz
73%
519.596 HHuelva
73%
915.392 GGranada
71%
648.250 JJaén
71%
162.514 ÁÁvila
70%
221.079 HHuesca
70%
90.040 SSoria
68%
1.042.608 AAsturias
67%
753.576 GGirona
67%
1.107.220 IIslas Baleares
67%
164.644 PPalencia
67%
136.977 TTeruel
67%
180.406 ZZamora
67%
324.126 ÁÁlava
65%
314.853 OOurense
65%
640.647 NNavarra
64%
155.652 SSegovia
64%
944.346 PPontevedra
63%
688.672 TToledo
63%
1.122.799 AA Coruña
62%
1.097.800 LLas Palmas
62%
717.832 GGuipúzcoa
61%
684.113 BBadajoz
60%
791.610 CCórdoba
60%
523.679 VValladolid
59%
704.297 AAlmería
58%
252.882 GGuadalajara
56%
201.071 CCuenca
54%
336.527 LLugo
54%
473.604 LLeón
53%
360.995 BBurgos
52%
582.206 CCantabria
52%
335.985 SSalamanca
52%
1.004.124 SSanta Cruz de Tenerife
52%
434.041 LLleida
50%
392.118 AAlbacete
49%
506.888 CCiudad Real
49%
315.794 LLa Rioja
47%
403.665 CCáceres
46%
579.245 CCastellón
44%

Distribución de puntuación

Porcentaje por número respondido

Porcentaje de gente con cada puntuación

Historial de tus puntuaciones

No has intentado esta prueba.